Το γλωσσικό ιδίωμα του χωριού Αφάντου : φωνολογική και μορφολογική περιγραφή ; διπλωματική εργασία [μεταπτυχιακή εργασία]
Αποθηκεύτηκε σε:
| Κύριος συγγραφέας: | |
|---|---|
| Συγγραφή απο Οργανισμό/Αρχή: | |
| Άλλοι συγγραφείς: | |
| Μορφή: | Thesis Βιβλίο |
| Γλώσσα: | Greek |
| Δημοσίευση: |
2017.
|
| Θέματα: | |
| Διαθέσιμο Online: | http://hdl.handle.net/11610/24175 |
| Ετικέτες: |
Προσθήκη ετικέτας
Δεν υπάρχουν, Καταχωρήστε ετικέτα πρώτοι!
|
MARC
| LEADER | 00000cam a2200000 a 4500 | ||
|---|---|---|---|
| 001 | 1/114507 | ||
| 008 | 170718s2017####gr | ||| |||| ||gre|| | ||
| 040 | |a GR-MyUa |b gre |c GR-MyUa |e AACR2 | ||
| 041 | 0 | |a gre | |
| 082 | 7 | |a 408.9 |2 (23) | |
| 100 | 1 | |a Καπελλάκη, Ειρήνη. | |
| 245 | 1 | 3 | |a Το γλωσσικό ιδίωμα του χωριού Αφάντου : |b φωνολογική και μορφολογική περιγραφή ; διπλωματική εργασία [μεταπτυχιακή εργασία] / |c Καπελλάκη Ειρήνη ; επιβλέπουσα καθηγήτρια: Νικολού Καλομοίρα. |
| 260 | |c 2017. | ||
| 300 | |a 99 σ. : |b πίν., χαρτ. ; |c 30 εκ. | ||
| 500 | |a Υπάρχει ψηφιακό αντίγραφο. | ||
| 500 | |a Μέλη εξεταστικής επιτροπής: Φραντζή Αικατερίνη, Καρατσαρέας Πέτρος. | ||
| 502 | |a Διατριβή (μεταπτυχιακή) – Πανεπιστήμιο Αιγαίου, Ρόδος, 2017. | ||
| 504 | |a Βιβλιογραφία: σ. 94-99. | ||
| 506 | 1 | |a Πλήρες κείμενο - Ενδοπανεπιστημιακή δημοσίευση. | |
| 650 | 0 | |a Greek language, Modern |x Dialects |z Greece |z Rhodes (Island) | |
| 650 | 0 | |a Speech and social status. | |
| 650 | 0 | |a Greek language, Modern |x Idioms |z Greece |z Rhodes (Island) | |
| 650 | 0 | |a Grammar, Comparative and general |x Phonology. | |
| 700 | 1 | |a Νικολού, Καλομοίρα, |e dgsf | |
| 710 | 2 | |a Πανεπιστήμιο Αιγαίου |b Σχολή Ανθρωπιστικών Επιστημών |b Τμήμα Μεσογειακών Σπουδών |b Πρόγραμμα Μεταπτυχιακών Σπουδών Γλωσσολογία Νοτιοανατολικής Μεσογείου. | |
| 852 | |a INST |b RHODES |c DIATR |e 20170718 |h 408.9 ΚΑΠ |p 005400039413 |q 005400039413 |t MTXE |y 23 | ||
| 856 | |u http://hdl.handle.net/11610/24175 | ||
| 924 | |a Καπελλάκη |b Ειρήνη |y Ρόδος |z 2017-04 | ||
| 970 | |z 18-07-2017 | ||